00788nam a2200205Ia 450000500170000000800410001708200200005811000690007824501460014725000190029330000280031265000490034094200150038926400400040433600270044433700330047133800280050404000350053299900150056720220317001238.0160825s2000 ck g 000 0 spa 04a306.08998bF85t2 aFundación de Investigaciones Arqueológicas Nacionales96817810aTierradentrobespíritus ancestrales y cultura PaezcFundación de Investigaciones Arqueológicas Nacionales Banco de la RepublicahCD-ROM a1a. edición  aCD-ROMbestereoc12 cm 142LEMBaPaeces (Indígenas)vCD-ROMxHistoria 2ddccCDMUL aBogotábFundación Erigaiec2000 atextobtxt2rdacontent asin mediaciónbn2rdamedia avolumenbnc2rdacarrier aCO-BoRNBPbspaerdacCO-BoRNBP c6373d6373